01685nam a22002894a 4500001000400000003000800004005001700012008004100029020001800070040000800088041001300096082001500109100002700124240002100151245007300172260003500245300001200280500000700292520097800299650002501277650001301302650001301315650001001328655001201338655001501350700003001365497BR-IBIA20260129100700.0140909s2013 bl g 000 f por  a9788580411386 bpor1 aporheng04a813bH835d1 aHouck, Colleen,d1969-04aTiger's destiny.12aO destino do tigre/cColleen Houck ; [tradução de Raquel Zampil] aSão Paulo:bArqueiro,c2013. a395p. ; a  aEm sua terceira busca, a jovem Kelsey Hayes e seus tigres precisam vencer desafios incríveis propostos por cinco dragões míticos. O elemento comum é a água, e o cenário de mar aberto obriga Kelsey a enfrentar seus piores temores. Dessa vez, sua missão é encontrar o Colar de Pérolas Negras de Durga e tentar libertar seu amado Ren tanto da maldição do tigre quanto de sua repentina amnésia. No entanto o irmão dele, Kishan, tem outros planos, e os dois competem por sua afeição, além de afastarem aqueles que planejam frustrar seus objetivos. Em A viagem do tigre, terceiro volume da série A maldição do tigre, Kelsey, Ren e Kishan retomam a jornada em direção ao seu verdadeiro destino numa história com muito suspense, criaturas encantadas, corações partidos e ação de primeira. A épica saga dos tigres já foi lançada em 18 países e ocupou os primeiros lugares na lista dos mais vendidos do The New York Times. 00aLiteratura Americana00aFantasia00aAventura00aMagia aRomance aFicção aZampil, RaqueleTRADUTORA